El hombre interior / (Registro nro. 7366)

Detalles MARC
000 -LIDER
fixed length control field 00911nam a2200289 a 4500
001 - NÚMERO DE CONTROL
Identificador de número de control 000010629
003 - IDENTIFICACDOR DE NÚMERO DE CONTROL
control field DO-SdBNP
005 - DATE AND TIME OF LATEST TRANSACTION
control field 20180214105517.0
007 - CAMPOS FIJOS DE DESCRIPCIÓN FÍSICA
fixed length control field 000010629
008 - ELEMENTOS DE LONGITUD FIJA
fixed length control field 091008s1986 dr 000 0 spa d
040 ## - FUENTE DE CATALOGACIÓN
Agencia que crea de manera original el registro BPMSU
Idioma de catalogación spa
Agencia que realiza la transcripción BPMSU
082 ## - NÚMERO DE CLASIFICACIÓN DECIMAL DE DEWEY
Classification number RD861.44
Item number O45h
100 1# - ASIENTO PRINCIPAL -- NOMBRE PERSONAL
Nombre personal Olea, Ángel
Fechas asociadas con el nombre 1959-
245 13 - MENCIÓN DE TITULO
Título El hombre interior /
Mención de responsabilidad Angel Olea ; ilustraciones Juan Valoy.
260 ## - PUBLICACIÓN, DISTRIBUCIÓN, ETC. (PIE DE IMPRENTA)
Lugar de publicación, distribución, etc Santo Domingo :
Nombre del editor, distribuidor, etc. Biblioteca Nacional,
Fecha de publicación, distribución, etc 1986.
490 1# - MENCIÓN DE SERIES
Mención de serie Orfeo
500 ## - NOTA GENERAL
Nota general Incluye datos biográficos del autor en la contraportada
590 ## - NOTA LOCAL
Texto de la nota local Perteneció a la biblioteca personal de Juan Isidro Jimenes Grullón.
650 #4 - ENCABEZAMIENTO DE MATERIA--TEMÁTICO
Término temático o nombre geográfico como elemento de entrada POESÍA DOMINICANA
650 #4 - ENCABEZAMIENTO DE MATERIA--TEMÁTICO
Término temático o nombre geográfico como elemento de entrada LITERATURA DOMINICANA
700 12 - ASIENTO SECUNDARIO -- NOMBRE PERSONAL
Nombre personal Valoy, Juan
Numeración il.
830 #0 - ASIENTO SECUNDARIO DE SERIE--TÍTULO UNIFORME
Título uniforme Orfeo
910 ## - VALIDACIÓN
Validación Validado. Control de calidad MFF
942 ## - ADDED ENTRY ELEMENTS (KOHA)
Source of classification or shelving scheme Dewey Decimal Classification
Koha item type Libros
945 ## - INFORMACIÓN DE PROCESAMIENTO LOCAL
Información de procesamiento local Inventariado, 2018/ YL
956 ## - LOCAL ELECTRONIC LOCATION AND ACCESS (OCLC)
Nombre de host VMATEO
Número de acceso 10
Información de compresión 20120111
Inicio de sesión BPMSU
Procesador de solicitud 0069
Existencias
Withdrawn status Lost status Source of classification or shelving scheme Damaged status Not for loan Collection code Home library Current library Date acquired Total Checkouts Full call number Barcode Date last seen Price effective from Koha item type
    Dewey Decimal Classification     Colección Dominicana Biblioteca Pública Metropolitana Salomé Ureña Biblioteca Pública Metropolitana Salomé Ureña 02/06/2015   RD861.44 O45h BPMSU15041148 02/06/2015 02/06/2015 Libros